Les coéquipiers de Vincent Kompany à City - Statistiques

Statistiques générales
  • Ce quiz a été pris 68 fois
  • Le résultat moyen est 32 sur 113
Statistiques - réponses
Saisons Nationalité Joueur Nombre de matchs Poste % Correct
2010-2018 Côte d'Ivoire Yaya Touré 202 M
97%
2017-2019 Portugal Bernardo Silva 41 M
93%
2010-2019 Espagne David Silva 232 M
93%
2011-2019 Argentine Sergio Agüero 176 A
93%
2009-2013 Côte d'Ivoire Kolo Touré 61 D
92%
2010-2015 Bosnie-Herzégovine Edin Dzeko 139 A
84%
2008-2016 Angleterre Joe Hart 230 G
82%
2015-2019 Belgique Kevin De Bruyne 52 M
82%
2017-2019 Brésil Ederson 41 G
74%
2013-2019 Brésil Fernandinho 124 M
72%
2011-2016 France Samir Nasri 116 M
72%
2017-2019 Angleterre Kyle Walker 38 D
69%
2011-2017 France Gaël Clichy 117 D
66%
2016-2019 Angleterre John Stones 22 D
64%
2008-2017 Argentine Paolo Zabaleta 218 D
64%
2018-2019 Algérie Riyad Mahrez 14 A
62%
2016-2019 Allemagne İlkay Gündoğan 38 M
59%
2015-2019 Angleterre Raheem Sterling 68 A
59%
2010-2017 Serbie Aleksandar Kolarov 134 D
57%
2014-2017 France Bacary Sagna 30 D
57%
2017-2019 Espagne Aymeric Laporte 24 D
56%
2015-2019 Argentine Nicolás Otamendi 52 D
56%
2017-2019 Ukraine Oleksandr Zinchenko 16 D
54%
2014-2016, 2017-2018 France Eliaquim Mangala 23 D
52%
2016-2019 Brésil Gabriel Jesus 39 A
52%
2010-2013 Italie Mario Balotelli 63 A
52%
2009-2013 Argentine Carlos Tevez 112 A
51%
2017-2019 France Benjamin Mendy 12 D
48%
2014-2017 Brésil Fernando 37 M
48%
2017-2019 Angleterre Phil Foden 11 A
48%
2014-2015 Angleterre Frank Lampard 20 M
46%
2010-2015 Angleterre James Milner 141 M
46%
2016-2019 Chili Claudio Bravo 10 G
41%
2013-2017 Espagne Jesús Navas 87 D
41%
2008-2010 Brésil Robinho 40 A
41%
2009-2011 Togo Emmanuel Adebayor 29 A
39%
2008-2011 Brésil 31 A
39%
2016-2019 Allemagne Leroy Sané 50 A
39%
2008-2012 Pays-Bas Nigel de Jong 110 M
39%
2009-2014 Angleterre Joleon Lescott 108 D
38%
2008-2014 Angleterre Micah Richards 115 D
36%
2013-2016 Argentine Martín Demichelis 54 D
34%
2013-2015 Monténégro Stevan Jovetic 30 A
33%
2013-2014 Espagne Álvaro Negredo 28 A
31%
2014-2016 Côte d'Ivoire Wilfried Bony 22 A
31%
2017-2019 Brésil Danilo 21 D
28%
2015-2017 Nigéria Kelechi Iheanacho 18 A
28%
2015-2019 Angleterre Fabian Delph 22 M
26%
2009-2011 France Patrick Vieira 34 M
26%
2014-2017 Argentine Willy Caballero 13 G
26%
2016-2017 Espagne Nolito 6 A
25%
2011-2012 Monténégro Stefan Savic 8 D
23%
2009-2013 Angleterre Gareth Barry 136 M
21%
2012-2014 Serbie Matija Nastasic 30 D
21%
2008-2009 Angleterre Daniel Sturridge 19 A
20%
2009-20011 Paraguay Roque Santa Cruz 16 A
18%
2009-2011, 2013-2015 Belgique Dedryck Boyata 20 D
16%
2010-2011 Allemagne Jérôme Boateng 18 D
16%
2008-2010 Irlande Shay Given 46 G
15%
2016-2017 Espagne Aleix García 3 M
13%
2012-2014 Espagne Javi García 48 M
13%
2008-2009 Danemark Kasper Schmeichel 3 G
13%
2015-2016 Espagne Manu García 1 M
13%
2016-2019 Espagne Brahim Díaz 7 M
11%
2008-2011 Angleterre Shaun Wright-Phillips 67 A
11%
2008-2010 Irlande Stephen Ireland 57 M
11%
2016-2017 Espagne Angeliño 1 D
10%
2018-2019 Kosovo Arijanet Muric 2 G
10%
2018-2019 France Claudio Gomes 2 M
10%
2008-2010 Pays de Galles Craig Bellamy 36 A
10%
2012-2014 Angleterre Jack Rodwell 11 D
10%
2011-2014 Roumanie Costel Pantilimon 12 G
8%
2008-2009 Brésil Elano 32 M
8%
2012-2013 Brésil Maicon 8 D
8%
2008-2009 Irlande Richard Dunne 37 D
8%
2012-2014 Portugal Rony Lopes 3 A
8%
2009-2012 Angleterre Adam Johnson 80 A
7%
2008-2009 Equateur Felipe Caicedo 22 A
7%
2008-2009 Angleterre Michael Ball 11 D
7%
2008-2010 Angleterre Michael Johnson 4 M
7%
2012-2013 Angleterre Scott Sinclair 9 A
7%
2008-2009 Suisse Gelson Fernandes 17 M
5%
2008-2010 Bulgarie Martin Petrov 17 D
5%
2008-2010 Angleterre Nedum Onuoha 36 D
5%
2008-2009 Croatie Vedran Corluka 2 D
5%
2009-2010 Norvège Abdisalam Ibrahim 2 M
3%
2010-2013 Côte d'Ivoire Abdul Razak 4 M
3%
2008-2009 Angleterre Darius Vassell 11 A
3%
2011-2012 Chili David Pizarro 5 M
3%
2008-2009 Allemagne Dietmar Hamann 13 M
3%
2011-2012 Angleterre Owen Hargreaves 1 M
3%
2016-2017 Espagne Pablo Maffeo 1 D
3%
2009-2010 Angleterre Stuart Taylor 1 G
3%
2009-2010 Brésil Sylvinho 14 D
3%
2008-2009 Bulgarie Valeri Bozhinov 6 D
3%
2008-2011 Angleterre Wayne Bridge 36 D
3%
2018-2019 Espagne Adrián Bernabé 1 M
2%
2009-2010 Libéria Alex Nimely 1 A
2%
2008-2010 Zimbabwe Benjani 15 A
2%
2008-2009 Pays de Galles Ched Evans 18 A
2%
2009-2010 Irlande Greg Cunningham 4 D
2%
2009-2010 Îles Féroé Gunnar Nielsen 1 G
2%
2008-2010 Espagne Javier Garrido 27 D
2%
2014-2015 Espagne José Pozo 1 M
2%
2008-2009 Nigéria Kelvin Etuhu 1 M
2%
2017-2018 Allemagne Lukas Nmecha 1 A
2%
2009-2010 Hongrie Márton Fülöp 3 G
2%
2010-2011 Angleterre Reece Wabara 1 D
2%
2010-2011 Irlande du Nord Ryan McGivern 1 D
2%
2008-2009 Angleterre Shay Logan 1 D
2%
2008-2009 Israël Tal Ben Haim 12 D
2%
2016-2017 Angleterre Tosin Adarabioyo 1 D
2%
2008-2010 Slovaquie Vladimir Weiss 4 A
2%
Aucun quiz correspondant
Distribution des résultats
% des personnes avec chaque résultat
Percentile par nombre de réponses
Votre historique - résultats
Vous n’avez pas pris ce quiz